000 02303nam a2200373 c 4500
003 BLK
005 20250401162114.0
008 180413b bul|||||r ||||||| ||bul||
010 _aKNG00021450000
020 _a954-494-295-5
_bиздат.: Унив. изд. Стопанство - на том
040 _aBLK
041 _aBUL
_cBUL
080 _aРазпределение на трудовите ресурси. Заетост. Пазар на труда. Надомна заетост(икон.)Вж и 349.24, трудови борси и бюра, управл. на работ. сила, посредничество и др. Управление на човешките ресурси вж и
_b331.5
_x(075.8)
_z331.5(075.8)
100 1 _aВладимирова, Катя Иванова
_eпърви автор
_9364268
700 1 _aСтефанов, Нако Райнов
_eсъавт.
_9365380
700 1 _aЙорданов, Кирил Спасов
_eсъавт.
_9263705
139 _aВладимирова, Катя Иванова и др.
_bВ 70
245 1 0 _aУправление на човешките ресурси
_bОрг. развитие : Учебник за студентите от УНСС - София : Ч. 1 -
_cКатя Иванова Владимирова; съавт. Нако Райнов Стефанов; съавт. Кирил Спасов Йорданов.
_nЧ. 1
260 София
_c1998 -
300 _c24 см
380 _a3
500 _aДеп. списък: 13 Изд. на УНСС - София ; Офс. изд ; Вторият авт. известен като Кирил Спасов.
650 4 _aТрудови ресурси - организация и управление
_9245485
650 4 _aУправление - трудови ресурси
_9246024
653 _aтрудови ресурси
653 _aчовешки ресурси
760 1 _3- на том
_aВладимирова, Катя Иванова
_dУнив. изд. Стопанство, 1998
_h231 с. : с табл.
_tЧ. 1
852 _aЦб 195874
856 4 _qpdf
_u
856 4 _qpdf
_u
942 _cKNG
_n0
_01
944 _aCR
_c15.01.2003
_k30531
_lЦветелина Шанова
944 _aED
_c10.08.2015
_kГеновева_Генчева
999 _c19331
_d19331